[Event "Tch-CRO 1stB Liga 2017"]
[Site "Mali Losinj"]
[Date "2017.10.02"]
[Round "5.36"]
[White "Ivankovic, Ivo"]
[Black "Filipovic, Marko"]
[Result "0-1"]
[WhiteElo "2129"]
[BlackElo "2332"]
[PlyCount "62"]
[EventDate "2017.09.28"]
[EventType "team"]
[EventRounds "9"]
[EventCountry "CRO"]

1. d4 Nf6 2. Nf3 g6 3. e3 Bg7 4. Be2 c5 5. O-O O-O 6. b3 cxd4 7. Nxd4 e5 8. Nf3
Nc6 9. Bb2 Re8 10. c4 d5 11. Nc3 d4 12. exd4 e4 13. Ne1 Nxd4 14. Nc2 Nxe2+ 15.
Qxe2 Bg4 16. Qe1 Nd7 17. Ne3 Ne5 18. Nxg4 Nxg4 19. Qe2 f5 20. h3 e3 21. f4 Nf2
22. Nd5 Bxb2 23. Qxb2 e2 24. Nf6+ Kf7 25. Nxe8 exf1=Q+ 26. Kxf1 Ne4 27. Qg7+
Kxe8 28. Qg8+ Ke7 29. Qxh7+ Kf6 30. Qxb7 Qd4 31. Qc6+ Kg7 0-1

[Event "Tch-CRO 1stB Liga 2017"]
[Site "Mali Losinj"]
[Date "2017.10.02"]
[Round "5.41"]
[White "Medvegy, Zoltan"]
[Black "Sedlak, Nikola"]
[Result "0-1"]
[WhiteElo "2550"]
[BlackElo "2547"]
[PlyCount "66"]
[EventDate "2017.09.28"]
[EventType "team"]
[EventRounds "9"]
[EventCountry "CRO"]

1. Nf3 d5 2. c4 d4 3. b4 g5 4. Bb2 Bg7 5. Nxg5 e5 6. Ne4 f5 7. Ng3 Nf6 8. e3
O-O 9. c5 f4 10. Bc4+ Kh8 11. Ne2 d3 12. Nc1 e4 13. exf4 Nc6 14. O-O Nd4 15.
Nc3 Bg4 16. Qa4 Nf3+ 17. gxf3 Bxf3 18. Be6 Nh5 19. Qd7 Qf6 20. Nxe4 Qg6+ 21.
Ng3 Bxb2 22. Nxd3 Rad8 23. f5 Qg5 24. Qxd8 Rxd8 25. Nxb2 Nf4 26. Rfd1 Nh3+ 27.
Kf1 Bxd1 28. Rxd1 Rxd2 29. Rxd2 Qxd2 30. Kg2 Nf4+ 31. Kf3 Nxe6 32. fxe6 Qxb2
33. Ke4 Kg7 0-1

[Event "Tch-CRO 1stB Liga 2017"]
[Site "Mali Losinj"]
[Date "2017.10.02"]
[Round "5.42"]
[White "Nemeth, Miklos"]
[Black "Rezan, Sasa"]
[Result "1/2-1/2"]
[WhiteElo "2489"]
[BlackElo "2430"]
[PlyCount "114"]
[EventDate "2017.09.28"]
[EventType "team"]
[EventRounds "9"]
[EventCountry "CRO"]

1. e4 c5 2. Nf3 d6 3. d4 cxd4 4. Nxd4 Nf6 5. Nc3 a6 6. Bg5 e6 7. f4 h6 8. Bh4
Qb6 9. Qd3 Qxb2 10. Rb1 Qa3 11. f5 Be7 12. fxe6 fxe6 13. Be2 O-O 14. O-O Kh8
15. Kh1 e5 16. Nf5 Bxf5 17. exf5 Nbd7 18. Qh3 Rac8 19. Rf3 b5 20. Rg1 Qb2 21.
g4 Qxc2 22. Bd1 Qd2 23. g5 Rxc3 24. gxf6 Bxf6 25. Rxc3 Bxh4 26. Rc7 Nf6 27. Bf3
Bg5 28. Qg3 e4 29. Bg2 d5 30. Ra7 Qf4 31. Qxf4 Bxf4 32. Rxa6 Ng4 33. Rb1 Rc8
34. h3 Nf6 35. Rb6 Rc2 36. R6xb5 Rxa2 37. R5b2 Ra3 38. Rb3 Ra2 39. R3b2 Ra8 40.
Rd1 Re8 41. Rf2 Bg3 42. Ra2 Re5 43. Bf1 Rxf5 44. Bb5 h5 45. Bc6 Re5 46. Kg2 h4
47. Kf1 Rf5+ 48. Kg1 Re5 49. Kf1 Kh7 50. Ke2 Nh5 51. Ke3 Nf4 52. Rad2 Nxh3 53.
Rxd5 Bf2+ 54. Ke2 Nf4+ 55. Kxf2 e3+ 56. Kf3 Nxd5 57. Rxd5 Rxd5 1/2-1/2

[Event "Tch-CRO 1stB Liga 2017"]
[Site "Mali Losinj"]
[Date "2017.10.02"]
[Round "5.43"]
[White "Sinanovic, Muhamed"]
[Black "Krstic, Uros"]
[Result "0-1"]
[WhiteElo "2376"]
[BlackElo "2395"]
[PlyCount "68"]
[EventDate "2017.09.28"]
[EventType "team"]
[EventRounds "9"]
[EventCountry "CRO"]

1. c4 e5 2. g3 Nc6 3. Bg2 Bc5 4. Nc3 a6 5. e3 d6 6. Nge2 Ba7 7. O-O h5 8. d4 h4
9. Nd5 Nh6 10. b4 Ne7 11. Bb2 Nxd5 12. cxd5 hxg3 13. hxg3 Qg5 14. Re1 Ng4 15.
Nc3 Qh6 16. Ne4 Bd7 17. a4 f5 18. Nd2 O-O 19. Ra3 f4 20. exf4 exf4 21. Nf3 fxg3
22. fxg3 Rae8 23. Rxe8 Rxe8 24. Bc1 Qh5 25. Nh4 Bxd4+ 26. Qxd4 Re1+ 27. Bf1
Rxc1 28. Qd2 Qh6 29. Qe2 Ne5 30. Kg2 Bg4 31. Qf2 g5 32. Qd2 Rd1 33. Qe3 Qf6 34.
Be2 Re1 0-1

[Event "Tch-CRO 1stB Liga 2017"]
[Site "Mali Losinj"]
[Date "2017.10.02"]
[Round "5.44"]
[White "Trbojevic, Mladen"]
[Black "Bilobrk, Franjo"]
[Result "0-1"]
[WhiteElo "2338"]
[BlackElo "2362"]
[PlyCount "92"]
[EventDate "2017.09.28"]
[EventType "team"]
[EventRounds "9"]
[EventCountry "CRO"]

1. e4 c5 2. Nf3 d6 3. Bb5+ Bd7 4. Bxd7+ Nxd7 5. O-O Ngf6 6. Qe2 e6 7. c4 Rc8 8.
Nc3 a6 9. d3 Be7 10. Ng5 h6 11. Nh3 Ne5 12. f4 Nc6 13. Be3 Nd7 14. g4 Bf6 15.
Kh1 Bd4 16. f5 e5 17. Rg1 Bxe3 18. Qxe3 Nd4 19. Rg2 Qh4 20. Nd5 Nf6 21. Rag1
Nxd5 22. cxd5 b5 23. g5 hxg5 24. Nxg5 Ke7 25. Qd2 Qf4 26. Qxf4 exf4 27. Rf2 Rh4
28. Nf3 Nxf3 29. Rxf3 Rch8 30. Rg2 Kf6 31. Kg1 g5 32. fxg6 fxg6 33. Rgf2 g5 34.
Rg2 R8h5 35. Rgf2 Ke5 36. b3 Rh6 37. Kh1 Rh3 38. Kg1 Rxf3 39. Rxf3 g4 40. Rf1
Rh3 41. Rd1 Kd4 42. Rf1 Ke5 43. Rd1 Re3 44. Kf2 Kd4 45. Rd2 Rh3 46. Kg1 Rxd3
0-1

[Event "Tch-CRO 1stB Liga 2017"]
[Site "Mali Losinj"]
[Date "2017.10.02"]
[Round "5.45"]
[White "Biliskov, Vjekoslav"]
[Black "Vernacki, Srdjan"]
[Result "0-1"]
[WhiteElo "2271"]
[BlackElo "2324"]
[PlyCount "96"]
[EventDate "2017.09.28"]
[EventType "team"]
[EventRounds "9"]
[EventCountry "CRO"]

1. e4 c5 2. Nf3 e6 3. d4 cxd4 4. Nxd4 a6 5. Nc3 Qc7 6. Bd3 Nf6 7. O-O d6 8. f4
Be7 9. Kh1 Nbd7 10. Qe2 O-O 11. Bd2 g6 12. f5 Ne5 13. Bh6 Re8 14. Bg5 Qd8 15.
Nf3 Nh5 16. Bxe7 Qxe7 17. Nxe5 dxe5 18. Bc4 Nf4 19. Qf3 b5 20. Bb3 b4 21. fxe6
Bxe6 22. Nd5 Bxd5 23. exd5 Rf8 24. g3 Nh5 25. d6 Qxd6 26. Bxf7+ Kg7 27. Qd5 Qc7
28. Be6 Rad8 29. Qg2 a5 30. Rad1 Rxf1+ 31. Rxf1 Nf6 32. Bh3 e4 33. Qf2 Qe7 34.
Qe3 Rd5 35. Re1 h5 36. Kg1 Re5 37. c4 bxc3 38. bxc3 Nd5 39. Qd4 e3 40. Bg2 Nf6
41. Bf3 Kh7 42. c4 Nd7 43. Qa7 Kh6 44. Bc6 Qb4 45. Rxe3 Qb1+ 46. Kg2 Qxa2+ 47.
Kh3 Qf2 48. Qxd7 Rxe3 0-1

[Event "Tch-CRO 1stB Liga 2017"]
[Site "Mali Losinj"]
[Date "2017.10.02"]
[Round "5.46"]
[White "Tomasic, Roland"]
[Black "Jusic, Zdenko"]
[Result "1-0"]
[WhiteElo "2177"]
[BlackElo "2247"]
[PlyCount "57"]
[EventDate "2017.09.28"]
[EventType "team"]
[EventRounds "9"]
[EventCountry "CRO"]

1. e4 e5 2. Nf3 d6 3. d4 exd4 4. Nxd4 Nf6 5. Nc3 Be7 6. Bc4 O-O 7. O-O a6 8. a4
Re8 9. Re1 Bf8 10. Bg5 h6 11. Bxf6 Qxf6 12. Nd5 Qd8 13. Qf3 Nc6 14. Nxc6 bxc6
15. Nb4 Qd7 16. Nxc6 Qxc6 17. Qxf7+ Kh7 18. Qg8+ Kg6 19. Bd5 Qd7 20. Ra3 c6 21.
Rg3+ Kf6 22. Rf3+ Ke5 23. Rf5+ Kd4 24. Rd1+ Kc5 25. Be6+ d5 26. Bxd7 Bxd7 27.
Rfxd5+ cxd5 28. Qxd5+ Kb6 29. a5+ 1-0

[Event "Tch-CRO 1stB Liga 2017"]
[Site "Mali Losinj"]
[Date "2017.10.02"]
[Round "5.51"]
[White "Livaic, Leon"]
[Black "Brkic, Ante"]
[Result "1/2-1/2"]
[WhiteElo "2461"]
[BlackElo "2563"]
[PlyCount "84"]
[EventDate "2017.09.28"]
[EventType "team"]
[EventRounds "9"]
[EventCountry "CRO"]

1. d4 Nf6 2. c4 e6 3. Nf3 d5 4. Nc3 c5 5. cxd5 cxd4 6. Qxd4 exd5 7. Bg5 Be7 8.
e3 O-O 9. Be2 Nc6 10. Qd2 Be6 11. O-O Ne4 12. Bxe7 Qxe7 13. Qd1 Nxc3 14. bxc3
Rac8 15. Qa4 b6 16. Rac1 Na5 17. Nd4 Rc5 18. Rfd1 Nc4 19. Qb4 Nd6 20. Nb3 Rc7
21. Bf3 Rc4 22. Qa3 Nf5 23. Qxe7 Nxe7 24. Nd4 Rfc8 25. Rd3 Ng6 26. Ne2 Ne5 27.
Rd4 R4c5 28. Rcd1 Nxf3+ 29. gxf3 Kf8 30. Kf1 Ra5 31. R1d2 Rcc5 32. Rb4 Bc8 33.
Kg2 Ba6 34. Nf4 Rxc3 35. Nxd5 Rd3 36. Rxd3 Bxd3 37. Rd4 Bf5 38. Nb4 Ra4 39. Nc6
Rxd4 40. Nxd4 Bb1 41. a3 Bd3 42. e4 f6 1/2-1/2

[Event "Tch-CRO 1stB Liga 2017"]
[Site "Mali Losinj"]
[Date "2017.10.02"]
[Round "5.52"]
[White "Petkov, Vladimir"]
[Black "Plat, Vojtech"]
[Result "1/2-1/2"]
[WhiteElo "2495"]
[BlackElo "2539"]
[PlyCount "94"]
[EventDate "2017.09.28"]
[EventType "team"]
[EventRounds "9"]
[EventCountry "CRO"]

1. d4 Nf6 2. g3 g6 3. Bg2 d5 4. c4 Bg7 5. cxd5 Nxd5 6. e4 Nb6 7. Ne2 Nc6 8. d5
Na5 9. O-O O-O 10. Nbc3 c6 11. b3 cxd5 12. exd5 Bg4 13. Bd2 e6 14. dxe6 Bxe6
15. Rc1 Nc6 16. Be3 Qe7 17. Nf4 Rfd8 18. Qe2 Bf5 19. Ncd5 Nxd5 20. Nxd5 Qe5 21.
Qb5 Rd7 22. Rfe1 Qb2 23. Rcd1 Qxa2 24. Bg5 Bg4 25. Rd2 Qa5 26. Qxa5 Nxa5 27.
Ra2 h6 28. Bxh6 Nxb3 29. Bxg7 Kxg7 30. h3 Bxh3 31. Nb6 axb6 32. Rxa8 Bxg2 33.
Kxg2 Nc5 34. Rae8 Kf6 35. R1e3 b5 36. Rf3+ Kg7 37. Rf4 Nd3 38. Rfe4 Kf6 39. Ra8
b4 40. Ra5 b3 41. Rb5 b2 42. Re3 g5 43. Rb6+ Kg7 44. Re4 Rc7 45. Re3 Rc1 46.
Rxb7 b1=Q 47. Rxb1 Rxb1 1/2-1/2

[Event "Tch-CRO 1stB Liga 2017"]
[Site "Mali Losinj"]
[Date "2017.10.02"]
[Round "5.53"]
[White "Repka, Christopher"]
[Black "Stocko, Josip"]
[Result "1/2-1/2"]
[WhiteElo "2475"]
[BlackElo "2362"]
[PlyCount "144"]
[EventDate "2017.09.28"]
[EventType "team"]
[EventRounds "9"]
[EventCountry "CRO"]

1. d4 Nf6 2. Nf3 e6 3. Bf4 d5 4. e3 c5 5. Nbd2 a6 6. dxc5 Bxc5 7. Bd3 Nc6 8.
O-O Bd6 9. Bg5 O-O 10. e4 dxe4 11. Nxe4 Be7 12. Qe2 Nxe4 13. Qxe4 f5 14. Qe3
Bxg5 15. Nxg5 Qd4 16. Qxd4 Nxd4 17. f4 h6 18. Nf3 Nxf3+ 19. Rxf3 Bd7 20. Bc4
Rac8 21. Bb3 Kf7 22. Rd1 Rc7 23. Re3 Re8 24. a4 Bc6 25. Re5 Be4 26. a5 Kf6 27.
Rd6 Rc6 28. Rxc6 Bxc6 29. Kf2 g5 30. g3 Bd7 31. Ke3 Rg8 32. Rc5 gxf4+ 33. Kxf4
Rg4+ 34. Ke3 Bb5 35. c4 Re4+ 36. Kd2 Bc6 37. Bc2 Rd4+ 38. Kc3 Rg4 39. b4 h5 40.
Bd1 Rg5 41. b5 axb5 42. cxb5 Bg2 43. Rc4 Bf1 44. Rb4 e5 45. a6 bxa6 46. bxa6
Rg8 47. Rb6+ Ke7 48. a7 Rd8 49. Rb7+ Kd6 50. Bxh5 Bg2 51. Rb6+ Kc5 52. Ra6 Bb7
53. Ra5+ Kd6 54. Kd3 Rh8 55. Bg6 Ke6 56. Ra4 Rxh2 57. Rb4 Bh1 58. Rb8 Ke7 59.
Bxf5 Ra2 60. Rh8 Bd5 61. Rh7+ Kf6 62. g4 Bf7 63. g5+ Kxf5 64. Rxf7+ Kxg5 65.
Kc4 e4 66. Kd4 Ra4+ 67. Kc5 e3 68. Kb5 Ra2 69. Kb6 Kg4 70. Rc7 e2 71. Re7 Kf3
72. Re5 Rxa7 1/2-1/2

[Event "Tch-CRO 1stB Liga 2017"]
[Site "Mali Losinj"]
[Date "2017.10.02"]
[Round "5.55"]
[White "Blazeka, Matej"]
[Black "Pucovski, Miroslav"]
[Result "1/2-1/2"]
[WhiteElo "2325"]
[BlackElo "2291"]
[PlyCount "120"]
[EventDate "2017.09.28"]
[EventType "team"]
[EventRounds "9"]
[EventCountry "CRO"]

1. e4 c5 2. Nf3 Nc6 3. d4 cxd4 4. Nxd4 e5 5. Nb5 d6 6. c4 Be7 7. N1c3 a6 8. Na3
f5 9. exf5 Bxf5 10. Bd3 Be6 11. Nc2 Nf6 12. Ne3 O-O 13. O-O Qd7 14. Ne4 Nxe4
15. Bxe4 Bd8 16. Qd3 h6 17. Nd5 Ne7 18. Be3 Nxd5 19. Bxd5 Kh8 20. Rfd1 Be7 21.
c5 dxc5 22. Qb3 Bxd5 23. Rxd5 Qc7 24. Qc3 c4 25. b3 b5 26. bxc4 Qxc4 27. Qxc4
bxc4 28. Rc1 Rfc8 29. Rxe5 Bf6 30. Re6 Kg8 31. Rb6 Kf7 32. Kf1 c3 33. Ke2 Rc4
34. Rb3 Ra4 35. a3 Rc8 36. Rd1 Re8 37. Kd3 Re6 38. Kc2 Rg4 39. g3 Ra4 40. Rb7+
Kg6 41. Kb3 Rae4 42. Rc7 Re8 43. Rdd7 Rb8+ 44. Rb7 Ree8 45. Kc2 Rxb7 46. Rxb7
Re6 47. Rb6 Rxb6 48. Bxb6 Kf5 49. f3 g5 50. Be3 h5 51. h3 g4 52. hxg4+ hxg4 53.
fxg4+ Kxg4 54. Bf4 Kf3 55. Kd3 Be7 56. a4 Bf6 57. Bd6 Bg7 58. Bb4 Kxg3 59. Bxc3
Bxc3 60. Kxc3 Kf4 1/2-1/2

[Event "Tch-CRO 1stB Liga 2017"]
[Site "Mali Losinj"]
[Date "2017.10.02"]
[Round "5.56"]
[White "Bubalovic, Davorin"]
[Black "Brumen, Dinko"]
[Result "1-0"]
[WhiteElo "2241"]
[BlackElo "2338"]
[PlyCount "145"]
[EventDate "2017.09.28"]
[EventType "team"]
[EventRounds "9"]
[EventCountry "CRO"]

1. e4 e6 2. d4 d5 3. Nc3 Bb4 4. exd5 exd5 5. Bd3 Nc6 6. a3 Be7 7. Be3 Nf6 8. h3
Be6 9. Qf3 Qd7 10. Nge2 h6 11. Nf4 O-O-O 12. O-O-O Kb8 13. Rhe1 Rhf8 14. g4 a6
15. Qe2 g5 16. Nxe6 fxe6 17. Kb1 Ne8 18. Qd2 Bf6 19. Ne2 Qg7 20. c3 Nd6 21. f4
Na5 22. Qc2 Ndc4 23. Bc1 b5 24. Ng3 Qd7 25. Nh5 Qe7 26. Qe2 Rd6 27. Nxf6 Qxf6
28. fxg5 hxg5 29. Rf1 Qg7 30. Rxf8+ Qxf8 31. Bxg5 Nc6 32. Rf1 Qg8 33. Bf6 a5
34. g5 b4 35. g6 bxc3 36. bxc3 Na7 37. Be7 Rb6+ 38. Ka1 Kb7 39. Bc5 Rb2 40. Rb1
Rxb1+ 41. Bxb1 Nb5 42. Qf3 Qh8 43. Qg2 Qg7 44. h4 Nxc3 45. Bd3 Nb6 46. Qf2 Qh6
47. Qe1 Nba4 48. h5 Qxh5 49. Bc2 Qh2 50. Qc1 Qg2 51. Bf8 Qf2 52. Bg7 Nb6 53.
Bb1 Ne4 54. Be5 c6 55. g7 Qg2 56. Bd3 Na4 57. Qb1+ Nb6 58. Qf1 Qg6 59. Qf8 Nd7
60. g8=Q Nxf8 61. Qxf8 Qg1+ 62. Bf1 Nd6 63. Qf3 Nb5 64. Kb2 Kb6 65. Bxb5 cxb5
66. Qc3 Qf2+ 67. Qc2 Qf1 68. Qc7+ Ka6 69. Qc6+ Ka7 70. Qd7+ Ka6 71. Qxe6+ Ka7
72. Qe7+ Ka6 73. Qf6+ 1-0

[Event "Tch-CRO 1stB Liga 2017"]
[Site "Mali Losinj"]
[Date "2017.10.03"]
[Round "6.12"]
[White "Petkov, Vladimir"]
[Black "Saric, Ante"]
[Result "1/2-1/2"]
[WhiteElo "2495"]
[BlackElo "2549"]
[PlyCount "23"]
[EventDate "2017.09.28"]
[EventType "team"]
[EventRounds "9"]
[EventCountry "CRO"]

1. d4 Nf6 2. c4 e6 3. Nc3 d5 4. Nf3 c5 5. cxd5 Nxd5 6. e4 Nxc3 7. bxc3 cxd4 8.
cxd4 Bb4+ 9. Bd2 Bxd2+ 10. Qxd2 O-O 11. Bc4 Nd7 12. O-O 1/2-1/2

[Event "Tch-CRO 1stB Liga 2017"]
[Site "Mali Losinj"]
[Date "2017.10.03"]
[Round "6.21"]
[White "Sedlak, Nikola"]
[Black "Livaic, Leon"]
[Result "1/2-1/2"]
[WhiteElo "2547"]
[BlackElo "2461"]
[PlyCount "75"]
[EventDate "2017.09.28"]
[EventType "team"]
[EventRounds "9"]
[EventCountry "CRO"]

1. g3 e5 2. d4 exd4 3. Qxd4 Nc6 4. Qd3 d5 5. Nf3 Nf6 6. Bg2 Bc5 7. O-O O-O 8.
a3 Bg4 9. b4 Bd6 10. Bb2 Qe7 11. Nbd2 Ne5 12. Qb3 Rfe8 13. Rfe1 Nxf3+ 14. exf3
Qxe1+ 15. Rxe1 Rxe1+ 16. Nf1 Bd7 17. Bxf6 gxf6 18. Qc3 Rae8 19. Qxf6 Rd1 20.
Qg5+ Kf8 21. f4 Bb5 22. Qh6+ Kg8 23. Qg5+ Kf8 24. h4 Bxf1 25. Bxf1 Ree1 26. Kg2
Rxf1 27. h5 Rg1+ 28. Kf3 Rh1 29. Qd8+ Kg7 30. Qg5+ Kf8 31. Kg4 Rh2 32. Qd8+ Kg7
33. f5 f6 34. Qd7+ Kg8 35. Qe6+ Kg7 36. c3 b6 37. Qd7+ Kg8 38. Qe6+ 1/2-1/2

[Event "Tch-CRO 1stB Liga 2017"]
[Site "Mali Losinj"]
[Date "2017.10.03"]
[Round "6.22"]
[White "Plat, Vojtech"]
[Black "Nemeth, Miklos"]
[Result "1/2-1/2"]
[WhiteElo "2539"]
[BlackElo "2489"]
[PlyCount "119"]
[EventDate "2017.09.28"]
[EventType "team"]
[EventRounds "9"]
[EventCountry "CRO"]

1. e4 e5 2. Nf3 Nc6 3. d4 exd4 4. Nxd4 Nf6 5. Nxc6 bxc6 6. e5 Ne4 7. Qf3 Ng5 8.
Qg3 Ne6 9. Bd3 d5 10. O-O h5 11. f4 h4 12. Qf2 Bc5 13. Be3 Qe7 14. f5 Bxe3 15.
Qxe3 Qc5 16. Kf2 Qxe3+ 17. Kxe3 Nc5 18. Nd2 Rh5 19. Rac1 Nxd3 20. cxd3 Bxf5 21.
Rxc6 d4+ 22. Ke2 Bg4+ 23. Kf2 Rxe5 24. Kg1 Re2 25. Nb3 h3 26. Rf2 Re1+ 27. Rf1
Rxf1+ 28. Kxf1 O-O-O 29. gxh3 Bxh3+ 30. Kf2 Bf5 31. Ra6 Bxd3 32. Rxa7 Rd5 33.
Ra5 Rxa5 34. Nxa5 Be4 35. Nb3 Bd5 36. Nxd4 Bxa2 37. h4 Kd7 38. Ke3 Bb1 39. b4
Bg6 40. Nb5 f6 41. Nc3 Be8 42. Nd5 Kd6 43. Kd4 Bf7 44. Nc3 Kc6 45. Ke4 g6 46.
Kd4 g5 47. hxg5 fxg5 48. Ke5 g4 49. Kf4 Be6 50. Kg3 Bd7 51. Kf4 Kd6 52. Ke4
Bc6+ 53. Kf4 Bf3 54. Nb5+ Kd7 55. Nc3 Ke6 56. Nb5 c6 57. Nd4+ Kd6 58. b5 c5 59.
Nxf3 gxf3 60. Kxf3 1/2-1/2

[Event "Tch-CRO 1stB Liga 2017"]
[Site "Mali Losinj"]
[Date "2017.10.03"]
[Round "6.23"]
[White "Krstic, Uros"]
[Black "Repka, Christopher"]
[Result "1/2-1/2"]
[WhiteElo "2395"]
[BlackElo "2475"]
[PlyCount "144"]
[EventDate "2017.09.28"]
[EventType "team"]
[EventRounds "9"]
[EventCountry "CRO"]

1. e4 g6 2. d4 Bg7 3. Nf3 c6 4. Nc3 d6 5. Be3 b5 6. Bd3 Nd7 7. O-O Bb7 8. h3
Qc7 9. Ne2 Ngf6 10. Ng3 c5 11. c3 h5 12. e5 dxe5 13. dxe5 Nxe5 14. Nxe5 Qxe5
15. Bxb5+ Kf8 16. Re1 h4 17. Nf1 Qc7 18. Qa4 Nd5 19. Rad1 Bf6 20. Ba6 Rh5 21.
Bxb7 Qxb7 22. Bc1 Rb8 23. c4 Nb4 24. Bf4 Ra8 25. Rd7 Qc6 26. Qxc6 Nxc6 27. Rc7
Nb4 28. Be3 Nd3 29. Re2 a5 30. b3 a4 31. Rd2 axb3 32. axb3 Nc1 33. Rb7 Ra1 34.
Rc2 Nd3 35. Rd7 Nb4 36. Rc1 Ra2 37. Rd2 Ra3 38. Rd8+ Kg7 39. Nd2 Nc6 40. Rc8
Nd4 41. Rb1 Rf5 42. Ne4 Nxb3 43. Nxc5 Nd4 44. Kh1 Nc2 45. Bc1 Bd4 46. Nb3 Ra2
47. Nxd4 Nxd4 48. Be3 e5 49. Rc1 Nc2 50. Bc5 Nd4 51. Bxd4 exd4 52. f3 Rg5 53.
Rg1 Rc2 54. Re8 Rxc4 55. Re4 Rd5 56. Rxh4 f5 57. Rd1 g5 58. Rh5 d3 59. Kg1 d2
60. Kf2 Rc1 61. Ke2 Rxd1 62. Kxd1 Kf6 63. h4 gxh4 64. Rxh4 Kg5 65. Rc4 f4 66.
Re4 Rd8 67. g3 fxg3 68. Rg4+ Kf5 69. Rxg3 Kf4 70. Rg2 Rb8 71. Rxd2 Rb3 72. Kc2
Rxf3 1/2-1/2

[Event "Tch-CRO 1stB Liga 2017"]
[Site "Mali Losinj"]
[Date "2017.10.03"]
[Round "6.24"]
[White "Vujakovic, Branko"]
[Black "Trbojevic, Mladen"]
[Result "0-1"]
[WhiteElo "2355"]
[BlackElo "2338"]
[PlyCount "66"]
[EventDate "2017.09.28"]
[EventType "team"]
[EventRounds "9"]
[EventCountry "CRO"]

1. e4 e5 2. Nf3 Nc6 3. Bb5 a6 4. Ba4 Nf6 5. O-O Be7 6. Re1 b5 7. Bb3 d6 8. a4
b4 9. d3 O-O 10. Nbd2 Rb8 11. h3 h6 12. c3 d5 13. Qc2 Be6 14. a5 bxc3 15. bxc3
dxe4 16. dxe4 Bxb3 17. Nxb3 Qc8 18. Be3 Qe6 19. Nbd2 Rb5 20. Qa2 Qxa2 21. Rxa2
Rfb8 22. Ra4 Bd6 23. Rea1 Nd7 24. Kf1 Bc5 25. Ke2 Bxe3 26. Kxe3 Nc5 27. R4a3
Rd8 28. Rb1 Rxa5 29. Rxa5 Nxa5 30. Nxe5 f6 31. Ra1 fxe5 32. Rxa5 Rd3+ 33. Ke2
Rxd2+ 0-1

[Event "Tch-CRO 1stB Liga 2017"]
[Site "Mali Losinj"]
[Date "2017.10.03"]
[Round "6.25"]
[White "Vernacki, Srdjan"]
[Black "Blazeka, Matej"]
[Result "0-1"]
[WhiteElo "2324"]
[BlackElo "2325"]
[PlyCount "76"]
[EventDate "2017.09.28"]
[EventType "team"]
[EventRounds "9"]
[EventCountry "CRO"]

1. Nf3 d5 2. g3 Nf6 3. Bg2 Bf5 4. d3 e6 5. Nbd2 c6 6. b3 Be7 7. Bb2 h6 8. h3
O-O 9. e3 Nbd7 10. Qe2 a5 11. e4 dxe4 12. dxe4 Bh7 13. O-O a4 14. e5 Nd5 15.
Ne4 a3 16. Bc1 Qc7 17. c4 Nb4 18. Bf4 Nc5 19. Nf6+ gxf6 20. exf6 Bd6 21. Bxd6
Qxd6 22. Qe3 Rfd8 23. Qxh6 Qf8 24. Qh4 Nbd3 25. Rfe1 Nxe1 26. Rxe1 Nd3 27. Ng5
Bg6 28. Be4 Rd4 29. Nxe6 Rxe4 30. Rxe4 fxe6 31. Qg5 Kf7 32. Rg4 Bf5 33. Qh5+
Kxf6 34. Qg5+ Kf7 35. Qh5+ Ke7 36. Qh4+ Kd7 37. Rd4+ Kc7 38. g4 e5 0-1

[Event "Tch-CRO 1stB Liga 2017"]
[Site "Mali Losinj"]
[Date "2017.10.03"]
[Round "6.26"]
[White "Brumen, Dinko"]
[Black "Tomasic, Roland"]
[Result "1-0"]
[WhiteElo "2338"]
[BlackElo "2177"]
[PlyCount "64"]
[EventDate "2017.09.28"]
[EventType "team"]
[EventRounds "9"]
[EventCountry "CRO"]

1. e4 c5 2. Nf3 d6 3. d4 cxd4 4. c3 d3 5. Bxd3 Nc6 6. O-O Nf6 7. Bg5 e6 8. Qe2
h6 9. Bh4 g5 10. Bg3 e5 11. Rd1 Nh5 12. Bb5 Nxg3 13. hxg3 Qf6 14. Nbd2 a6 15.
Ba4 Be6 16. Nc4 Bxc4 17. Bxc6+ bxc6 18. Qxc4 Kd7 19. a4 Kc7 20. b4 Qe6 21. Qe2
Be7 22. b5 Rhb8 23. c4 f5 24. bxc6 f4 25. c5 fxg3 26. fxg3 Rb3 27. Rd5 dxc5 28.
Rad1 Kxc6 29. Nxe5+ Kb6 30. a5+ Ka7 31. Qc4 Rb7 32. Rxc5 Qd6 1-0

[Event "Tch-CRO 1stB Liga 2017"]
[Site "Mali Losinj"]
[Date "2017.10.03"]
[Round "6.31"]
[White "Feller, Sebastien"]
[Black "Medvegy, Zoltan"]
[Result "1-0"]
[WhiteElo "2569"]
[BlackElo "2550"]
[PlyCount "47"]
[EventDate "2017.09.28"]
[EventType "team"]
[EventRounds "9"]
[EventCountry "CRO"]

1. d4 e6 2. c4 Nf6 3. Nf3 b6 4. g3 Bb7 5. Bg2 Bb4+ 6. Bd2 Bxd2+ 7. Qxd2 O-O 8.
Nc3 Ne4 9. Qd3 Nxc3 10. Ng5 Ne4 11. Nxe4 Nc6 12. O-O d6 13. Nc3 Nb4 14. Qd2
Bxg2 15. Kxg2 c5 16. Rad1 Qe7 17. dxc5 Qb7+ 18. Kg1 dxc5 19. Qd7 Qxd7 20. Rxd7
Nc6 21. Rd6 Rac8 22. Rfd1 Rfd8 23. Kg2 Kf8 24. Rxc6 1-0

[Event "Tch-CRO 1stB Liga 2017"]
[Site "Mali Losinj"]
[Date "2017.10.03"]
[Round "6.32"]
[White "Rezan, Sasa"]
[Black "Bogut, Zeljko"]
[Result "1/2-1/2"]
[WhiteElo "2430"]
[BlackElo "2411"]
[PlyCount "90"]
[EventDate "2017.09.28"]
[EventType "team"]
[EventRounds "9"]
[EventCountry "CRO"]

1. d4 Nf6 2. Nf3 c5 3. c4 d5 4. cxd5 cxd4 5. Qxd4 Qxd5 6. Nc3 Qxd4 7. Nxd4 a6
8. g3 e5 9. Nb3 Nc6 10. Bg2 Be6 11. O-O Bb4 12. Rd1 Rc8 13. Be3 Bxb3 14. axb3
O-O 15. Bb6 h6 16. h4 Rfe8 17. Ne4 Nxe4 18. Bxe4 h5 19. Rd7 Re7 20. Rad1 Rce8
21. e3 g6 22. Kg2 Rxd7 23. Rxd7 Re7 24. Rxe7 Bxe7 25. Bc7 Bf6 26. Kf3 Bg7 27.
Ke2 Kf8 28. Bd6+ Ke8 29. Bd5 f5 30. e4 Kd7 31. Bc5 Nd8 32. Bb6 Bh6 33. Bxd8
Kxd8 34. Bf7 g5 35. exf5 gxh4 36. gxh4 Ke7 37. Bxh5 Bc1 38. Bf3 b5 39. Bb7 a5
40. h5 Kf6 41. Be4 Kg5 42. Kd3 Bxb2 43. Bc6 Kxh5 44. Bxb5 Kg5 45. Ke4 Kf6
1/2-1/2

[Event "Tch-CRO 1stB Liga 2017"]
[Site "Mali Losinj"]
[Date "2017.10.03"]
[Round "6.33"]
[White "Galic, Ivan"]
[Black "Sinanovic, Muhamed"]
[Result "1-0"]
[WhiteElo "2395"]
[BlackElo "2376"]
[PlyCount "65"]
[EventDate "2017.09.28"]
[EventType "team"]
[EventRounds "9"]
[EventCountry "CRO"]

1. e4 c5 2. Nf3 Nc6 3. d4 cxd4 4. Nxd4 Nf6 5. Nc3 d6 6. Bg5 e6 7. Qd2 a6 8.
O-O-O Bd7 9. Nf3 Qc7 10. Bd3 Be7 11. Rhe1 O-O-O 12. h3 Kb8 13. Kb1 h6 14. Be3
Ne5 15. Nxe5 dxe5 16. Qe2 Bb4 17. Bd2 Bc5 18. Qf3 Bc6 19. Ne2 Ne8 20. Nc1 Nd6
21. Nb3 Bb6 22. c4 Ba4 23. c5 Bxc5 24. Nxc5 Bxd1 25. Qe3 Bh5 26. Rc1 Qe7 27.
Bb4 Ka8 28. Nxa6 bxa6 29. Rc6 Rd7 30. Rxa6+ Ra7 31. Bxd6 Qb7 32. Rb6 Qd7 33.
Bb5 1-0

[Event "Tch-CRO 1stB Liga 2017"]
[Site "Mali Losinj"]
[Date "2017.10.03"]
[Round "6.34"]
[White "Bilobrk, Franjo"]
[Black "Bender, Ivan"]
[Result "1-0"]
[WhiteElo "2362"]
[BlackElo "2231"]
[PlyCount "65"]
[EventDate "2017.09.28"]
[EventType "team"]
[EventRounds "9"]
[EventCountry "CRO"]

1. d4 d5 2. c4 e6 3. Nf3 Nf6 4. g3 Bb4+ 5. Bd2 Be7 6. Bg2 O-O 7. O-O c6 8. Na3
Nbd7 9. Rc1 Ne4 10. Be3 Bxa3 11. bxa3 Nb6 12. c5 Nc4 13. Rxc4 dxc4 14. Qc2 Nf6
15. Qxc4 Nd5 16. Bd2 b5 17. Qc2 f6 18. e4 Ne7 19. Bf4 e5 20. dxe5 Ng6 21. Rd1
Qe8 22. exf6 Nxf4 23. gxf4 Bg4 24. Rd6 Bxf3 25. Qb3+ Rf7 26. Bxf3 a5 27. e5 a4
28. Qd3 Rc7 29. f7+ Kxf7 30. Qxh7 Qh8 31. Qf5+ Ke7 32. Bxc6 Raa7 33. Qe6+ 1-0

[Event "Tch-CRO 1stB Liga 2017"]
[Site "Mali Losinj"]
[Date "2017.10.03"]
[Round "6.35"]
[White "Brnas, Augustin"]
[Black "Biliskov, Vjekoslav"]
[Result "0-1"]
[WhiteElo "2203"]
[BlackElo "2271"]
[PlyCount "42"]
[EventDate "2017.09.28"]
[EventType "team"]
[EventRounds "9"]
[EventCountry "CRO"]

1. e4 c5 2. Nf3 Nc6 3. Bb5 g6 4. O-O Bg7 5. c3 Nf6 6. e5 Nd5 7. d4 cxd4 8. cxd4
O-O 9. Bc4 Nb6 10. Bb3 d6 11. Qe2 Bg4 12. Rd1 e6 13. Nc3 dxe5 14. dxe5 Qb8 15.
h3 Bxf3 16. Qxf3 Qxe5 17. Be3 Rad8 18. Bf4 Nd4 19. Qg4 Qa5 20. Bg5 Rd7 21. Ne4
f5 0-1